| 000 | 00720cam a2200253 4500 | ||
|---|---|---|---|
| 001 | J340 | ||
| 008 | 090401t1991 xxu||||| |||| 00| 0 eng d | ||
| 035 | _a(Sirsi) u74482 | ||
| 041 | _aeng | ||
| 050 | _a330.94 | ||
| 110 |
_aCambridge Econometrics _92154 |
||
| 245 | _aEuropean regional prospects: analysis and forecasts to the year 1995 for European cities and regions (abridged version) - Autumn 1991. | ||
| 260 |
_aCambridge _bCambridge Econometrics _c1991 |
||
| 300 | _ax,77p. : ill.,maps ; 30cm. | ||
| 350 | _a70 | ||
| 650 | _aECONOMICS | ||
| 650 | _aEMPLOYMENT | ||
| 650 | _aEUROPE | ||
| 650 | _aFORECASTS | ||
| 650 | _aREGIONS | ||
| 690 | _aECONOMIC AND SOCIAL | ||
| 942 | _n0 | ||
| 948 | _c04/03/1997 | ||
| 999 |
_c95861 _d95861 |
||